[Event "AUTO-INT-2308"]
[Site "http://www.queenalice.com/game.php?id=1054171"]
[Date "2012.4.29"]
[Round "1"]
[White "BlackJack"]
[Black "Betim_Xadrez"]
[Result "0-1"]
[WhiteElo "1550"]
[BlackElo "1552"]

1. e4 e5 2. Nf3 Nc6 3. Bb5 a6 4. Ba4 Nf6 5. d3 Bc5 6. O-O d6 7. h3 O-O 8. c3 Be6
9. Re1 Qc8 10. Bc2 Bxh3 11. gxh3 Qxh3 12. Nh2 h5 13. b4 Bxf2+ 14. Kh1 Ng4 0-1

[Event "AUTO-INT-2308"]
[Site "http://www.queenalice.com/game.php?id=1054172"]
[Date "2012.4.29"]
[Round "1"]
[White "Betim_Xadrez"]
[Black "BlackJack"]
[Result "1-0"]
[WhiteElo "1705"]
[BlackElo "1534"]

1. e4 e5 2. Nf3 d6 3. Nc3 Nf6 4. Bb5+ c6 5. Ba4 Be7 6. d3 h6 7. O-O b5 8. Bb3
O-O 9. Ne2 a5 10. a3 Bg4 11. Ng3 Nbd7 12. Be3 d5 13. h3 Be6 14. Qd2 a4 15. Ba2
d4 16. Bxe6 fxe6 17. Bxh6 Rf7 18. Bg5 c5 19. c3 Rc8 20. Nh4 Nh7 21. Bxe7 Rxe7
22. Rac1 Rf7 23. f4 Qxh4 24. Ne2 Rcf8 25. Rf3 exf4 26. Rcf1 e5 27. Kh2 Ng5 28.
R3f2 f3 29. Ng1 fxg2 30. Rxf7 gxf1=N+ 31. Rxf1 1-0

[Event "AUTO-INT-2680"]
[Site "http://www.queenalice.com/game.php?id=1199901"]
[Date "2013.7.14"]
[Round "1"]
[White "marreta7"]
[Black "BlackJack"]
[Result "0-1"]
[WhiteElo "1572"]
[BlackElo "1607"]

1. e4 c5 2. Bc4 d6 3. d3 e6 4. a3 Nf6 5. Nf3 Be7 6. h3 O-O 7. O-O Nc6 8. Nc3 a6
9. Re1 e5 10. Nd5 Nxd5 11. Bxd5 Be6 12. Bxe6 fxe6 13. Be3 d5 14. exd5 exd5 15.
b3 e4 16. dxe4 d4 17. Bc1 Bd6 18. Bg5 Qe8 19. a4 Ne5 20. Nxe5 Qxe5 21. Bh4 Qh2+
22. Kf1 Rae8 23. Qd3 Qf4 24. Qg3 Qxg3 25. Bxg3 Bxg3 26. Re2 b5 27. axb5 axb5 28.
Ra5 c4 29. Rxb5 d3 30. cxd3 cxd3 31. Rd2 Rxe4 32. Rd5 Re3 33. b4 Re7 34. R5xd3
Bf4 35. Rd1 Rb8 36. Rd8+ Re8 37. Rxe8+ Rxe8 38. b5 Rb8 39. Rb1 Rb7 40. g3 Bd6
41. g4 Kf7 42. Ke2 Ke6 43. Ke3 Kd5 44. f4 Kc4 45. g5 Rxb5 46. Rxb5 Kxb5 47. Kf3
Kc4 48. Kg4 Kd4 49. h4 Ke4 50. f5 Be5 51. h5 Bd4 52. g6 h6 53. Kh3 Kxf5 54. Kg2
Kg5 55. Kf3 Kxh5 56. Ke4 Bf6 57. Kf5 Kh4 58. Kf4 Bc3 59. Kf5 Kg3 60. Ke6 h5 61.
Kf7 h4 62. Kg8 h3 63. Kf7 h2 64. Kg8 h1=Q 65. Kf7 Kg4 66. Ke6 Qf1 67. Ke7 Qf6+
68. Kd7 Ba5 69. Kc8 Qe7 70. Kb8 Qc7+ 71. Ka8 Qd7 72. Kb8 Bb6 73. Ka8 Qa7# 0-1

[Event "AUTO-INT-2680"]
[Site "http://www.queenalice.com/game.php?id=1199902"]
[Date "2013.7.14"]
[Round "1"]
[White "BlackJack"]
[Black "marreta7"]
[Result "1-0"]
[WhiteElo "1546"]
[BlackElo "1396"]

1. e4 e5 2. Nf3 Nc6 3. Bb5 Nge7 4. O-O a6 5. Ba4 h6 6. c3 b5 7. Bc2 Ng6 8. d4
exd4 9. cxd4 Bb4 10. a3 Ba5 11. b4 Bb6 12. e5 Nce7 13. Bxg6 Nxg6 14. Bb2 O-O 15.
Nc3 Re8 16. Nd5 c6 17. Nxb6 Rb8 18. Nxc8 Qxc8 19. Rc1 Ra8 20. d5 Nxe5 21. Bxe5
a5 22. d6 axb4 23. axb4 g5 24. Bc3 Qb8 25. Qd4 g4 26. Qg7# 1-0

[Event "AUTO-INT-2680"]
[Site "http://www.queenalice.com/game.php?id=1199915"]
[Date "2013.7.14"]
[Round "1"]
[White "jeffcom2f"]
[Black "BlackJack"]
[Result "0-1"]
[WhiteElo "1596"]
[BlackElo "1575"]

1. e4 c5 2. Nf3 d6 3. d4 cxd4 4. Nxd4 Nf6 5. Nc3 e5 6. Nf3 Be7 7. Bc4 O-O 8. O-O
Bg4 9. Be2 Nc6 10. Nd2 Bxe2 11. Nxe2 Nd4 12. c3 Nc6 13. f3 a6 14. Ng3 Rc8 15. a3
b5 16. b4 d5 17. Qe2 d4 18. cxd4 Qxd4+ 19. Qf2 Qxa1 0-1

[Event "AUTO-INT-2680"]
[Site "http://www.queenalice.com/game.php?id=1199916"]
[Date "2013.7.14"]
[Round "1"]
[White "BlackJack"]
[Black "jeffcom2f"]
[Result "1-0"]
[WhiteElo "1592"]
[BlackElo "1579"]

1. e4 e5 2. Nf3 Nf6 3. Bc4 Bd6 4. O-O O-O 5. Nc3 c6 6. d4 Qe7 7. Bg5 h6 8. Bxf6
Qxf6 9. a3 b5 10. Bb3 a5 11. Ne2 c5 12. dxc5 Bxc5 13. c4 b4 14. axb4 Bxb4 15.
Qd5 Nc6 16. Ba4 Qe6 17. Qxe6 fxe6 18. Bxc6 dxc6 19. Nxe5 1-0

[Event "AUTO-INT-2680"]
[Site "http://www.queenalice.com/game.php?id=1199923"]
[Date "2013.7.14"]
[Round "1"]
[White "daniel0176"]
[Black "BlackJack"]
[Result "0-1"]
[WhiteElo "1647"]
[BlackElo "1525"]

1. e4 c5 2. Nc3 d6 3. h3 e6 4. Nf3 Nf6 5. d4 cxd4 6. Qxd4 Nc6 7. Bb5 Bd7 8. Bxc6
bxc6 9. O-O e5 10. Qd3 Be7 11. Bg5 O-O 12. Bxf6 Bxf6 13. b4 Rb8 14. a3 d5 15.
exd5 cxd5 16. Qxd5 Rc8 17. Qd3 a6 18. Nd5 Bb5 19. Qf5 Qxd5 20. Rad1 Qc4 21. Nd2
Qxc2 22. Qxc2 Rxc2 23. Rfe1 Rd8 24. g4 Rcxd2 25. Rc1 Bh4 26. Rf1 Bxf1 27. Rxf1
e4 28. a4 e3 29. fxe3 Re2 30. b5 Rdd2 31. bxa6 Rg2+ 32. Kh1 Rh2+ 33. Kg1 Rdg2#
0-1

[Event "AUTO-INT-2680"]
[Site "http://www.queenalice.com/game.php?id=1199924"]
[Date "2013.7.14"]
[Round "1"]
[White "BlackJack"]
[Black "daniel0176"]
[Result "1-0"]
[WhiteElo "1556"]
[BlackElo "1619"]

1. e4 e5 2. Nf3 d6 3. h3 d5 4. Nxe5 Qe7 5. d4 Nd7 6. Nxd7 Bxd7 7. Nc3 dxe4 8.
Bc4 h6 9. O-O Nf6 10. Bf4 c6 11. Re1 O-O-O 12. a4 Nh5 13. Qxh5 g6 14. Qe5 Qxe5
15. dxe5 f6 16. Rxe4 Bf5 17. Ree1 g5 18. Be3 Bxc2 19. Bxa7 fxe5 20. Rxe5 Bg7 21.
Re7 Bf6 22. Be6+ Rd7 23. Rxd7 Rd8 24. Rf7+ Rd7 25. Rxd7 b5 26. Bb6 Kb8 27. axb5
cxb5 28. Raa7 1-0

[Event "AUTO-INT-2731"]
[Site "http://www.queenalice.com/game.php?id=1221339"]
[Date "2013.10.1"]
[Round "1"]
[White "BlackJack"]
[Black "AlanGarcia"]
[Result "1-0"]
[WhiteElo "1637"]
[BlackElo "1451"]

1. e4 e5 2. Nf3 Nc6 3. Bb5 Nd4 4. Nxd4 c6 5. Nxc6 dxc6 6. Ba4 Nh6 7. c3 f5 8.
exf5 Bxf5 9. Qh5+ Bg6 10. Qxe5+ Be7 11. Qxg7 Nf7 12. Bb3 Qd3 13. Bxf7+ Bxf7 14.
Qxh8+ Bf8 15. Qe5+ Be7 16. Qe3 Qa6 17. d3 Bd5 18. O-O Kd7 19. Qh3+ Kc7 20. Bf4+
Bd6 21. Qxh7+ 1-0

[Event "AUTO-INT-2731"]
[Site "http://www.queenalice.com/game.php?id=1221341"]
[Date "2013.10.1"]
[Round "1"]
[White "BlackJack"]
[Black "Epilos"]
[Result "1-0"]
[WhiteElo "1639"]
[BlackElo "1578"]

1. e4 e5 2. Nf3 Nc6 3. Bb5 Nd4 4. Nxd4 exd4 5. c4 c6 6. Ba4 Qa5 7. Bc2 b5 8.
cxb5 Qxb5 9. d3 Nf6 10. O-O Qh5 11. Qxh5 Nxh5 12. Nd2 d6 13. b4 f6 14. Nf3 a6
15. Nxd4 Bd7 16. Bb3 g5 17. a4 c5 18. bxc5 dxc5 19. Nf5 Bxf5 20. exf5 Nf4 21.
Bxf4 gxf4 22. Rfe1+ Kd7 23. Be6+ Kd6 24. Rab1 Kc7 25. Rec1 Kd6 26. Rb6+ Ke7 27.
Rxc5 Ke8 28. Rc7 Bc5 29. Rbb7 Bd6 30. Rd7 Rb8 31. Bf7+ Kf8 32. Rxb8+ Bxb8 33.
Be6 Be5 34. Kf1 Ke8 35. Ra7 h5 36. Rxa6 Rf8 37. Ra7 f3 38. g3 h4 39. a5 hxg3 40.
hxg3 Kd8 41. a6 Re8 42. Rd7+ Kc8 43. a7 Bb8 44. a8=Q Rh8 45. Qb7# 1-0

[Event "AUTO-INT-2731"]
[Site "http://www.queenalice.com/game.php?id=1221342"]
[Date "2013.10.1"]
[Round "1"]
[White "Epilos"]
[Black "BlackJack"]
[Result "0-1"]
[WhiteElo "1653"]
[BlackElo "1635"]

1. e4 c5 2. Nf3 d6 3. Bc4 e6 4. e5 d5 5. Bb5+ Nc6 6. d4 a6 7. Bxc6+ bxc6 8. Bg5
f6 9. exf6 Nxf6 10. dxc5 Bxc5 11. Bxf6 Qxf6 12. Nc3 a5 13. O-O O-O 14. a3 Ba6
15. Re1 Rae8 16. Na4 Ba7 17. b4 e5 18. Nc5 Bxc5 19. bxc5 e4 20. Nd4 Qxf2+ 21.
Kh1 e3 22. Qe2 Bxe2 23. Nxe2 Rf7 24. h3 Ref8 25. Nd4 Qg3 26. Kg1 Rf2 27. Kh1
Qxg2# 0-1

[Event "AUTO-INT-2731"]
[Site "http://www.queenalice.com/game.php?id=1221343"]
[Date "2013.10.1"]
[Round "1"]
[White "BlackJack"]
[Black "MarceloLopes"]
[Result "0-1"]
[WhiteElo "1643"]
[BlackElo "1598"]

1. e4 c5 2. Nf3 d6 3. d4 cxd4 4. Nxd4 e5 5. Nb5 Nf6 6. N1c3 a6 7. Na3 b5 8. Nab1
b4 9. Na4 Nxe4 10. Bc4 Bd7 11. b3 Bxa4 12. bxa4 Qb6 13. Be3 Qc7 14. Qd5 Nc6 15.
Qxe4 g6 16. Bd5 Rc8 17. O-O a5 18. Nd2 f5 19. Bxc6+ Qxc6 20. Qxc6+ Rxc6 21. Rac1
f4 22. Ba7 Be7 23. f3 O-O 24. Bf2 Rfc8 25. Ne4 Rxc2 26. Ra1 d5 27. Nc5 Bxc5 28.
Bxc5 R8xc5 29. Rfe1 d4 30. a3 b3 31. Rab1 b2 32. h3 Rc1 33. Kf1 Rxe1+ 34. Kxe1
Rc1+ 0-1

[Event "AUTO-INT-2731"]
[Site "http://www.queenalice.com/game.php?id=1221344"]
[Date "2013.10.1"]
[Round "1"]
[White "MarceloLopes"]
[Black "BlackJack"]
[Result "1-0"]
[WhiteElo "1604"]
[BlackElo "1632"]

1. e4 c5 2. d4 cxd4 3. Qxd4 Nc6 4. Qe3 e5 5. Bc4 b6 6. Qf3 Nf6 7. Bg5 Be7 8.
Bxf6 Bxf6 9. Qd3 Bb7 10. Qd5 O-O 11. Qd1 Qc7 12. Nc3 Ne7 13. Nd5 Qxc4 14. Nxf6+
gxf6 15. Qxd7 Qxe4+ 16. Ne2 Qxg2 17. Rf1 Nf5 18. Qxf5 Be4 19. Qxf6 Qh3 20. Rd1
Bxc2 21. b3 Bxd1 22. Rg1+ 1-0

[Event "AUTO-INT-2680"]
[Site "http://www.queenalice.com/game.php?id=1224384"]
[Date "2013.10.13"]
[Round "2"]
[White "DORLISS"]
[Black "BlackJack"]
[Result "1-0"]
[WhiteElo "1819"]
[BlackElo "1652"]

1. d4 Nf6 2. Nc3 d5 3. e4 dxe4 4. f3 exf3 5. Nxf3 e6 6. Bd3 Bb4 7. Bg5 O-O 8.
O-O Bxc3 9. bxc3 Nbd7 10. Qe1 b6 11. Qh4 Bb7 12. Ne5 g6 13. Rxf6 Nxf6 14. Bxf6
Qd5 15. Bf1 h5 16. Qg5 Kh7 17. Re1 c5 18. Re3 cxd4 19. Rh3 Rg8 20. Rxh5+ 1-0

[Event "AUTO-INT-2680"]
[Site "http://www.queenalice.com/game.php?id=1224385"]
[Date "2013.10.13"]
[Round "2"]
[White "BlackJack"]
[Black "DORLISS"]
[Result "1-0"]
[WhiteElo "1625"]
[BlackElo "1796"]

1. e4 e5 2. Nf3 Nc6 3. Bb5 a6 4. Ba4 b5 5. Bb3 Nf6 6. Ng5 d5 7. exd5 Nd4 8. O-O
Nxb3 9. axb3 Nxd5 10. Qh5 g6 11. Qh4 Bg7 12. c4 Nf4 13. d4 Ne2+ 14. Kh1 Nxd4 15.
Re1 Bf5 16. Nc3 h6 17. Nf3 g5 18. Qg3 O-O 19. Nxe5 Nc2 20. h4 Nxe1 21. hxg5 Qxg5
22. Bxg5 1-0

[Event "AUTO-INT-2680"]
[Site "http://www.queenalice.com/game.php?id=1224388"]
[Date "2013.10.13"]
[Round "2"]
[White "TorresR"]
[Black "BlackJack"]
[Result "1-0"]
[WhiteElo "1768"]
[BlackElo "1648"]

1. e4 c5 2. d4 cxd4 3. Bc4 e5 4. c3 Qa5 5. Qh5 g6 6. Qf3 d5 7. Bxd5 Be6 8. Bxb7
Qb6 9. Bxa8 Nc6 10. Ne2 Bg7 11. O-O Nf6 12. Bxc6+ Qxc6 13. cxd4 Nxe4 14. dxe5
Qc2 15. Nd4 Nd2 16. Nxd2 Qc8 17. Nxe6 Qxe6 18. b3 O-O 19. Re1 Rd8 20. Nc4 a5 21.
Bg5 Rd5 22. Bf6 Bxf6 23. Qxf6 Qc6 24. Qxc6 1-0

[Event "AUTO-INT-2680"]
[Site "http://www.queenalice.com/game.php?id=1224389"]
[Date "2013.10.13"]
[Round "2"]
[White "BlackJack"]
[Black "TorresR"]
[Result "0-1"]
[WhiteElo "1646"]
[BlackElo "1797"]

1. e4 e5 2. Nf3 Nc6 3. Bb5 a6 4. Ba4 b5 5. Bb3 Nf6 6. O-O Be7 7. Re1 d5 8. exd5
Nxd5 9. Nxe5 Nxe5 10. Rxe5 c6 11. c4 Qc7 12. d4 Nf6 13. Bg5 O-O 14. c5 Ng4 15.
Rxe7 Qxh2+ 16. Kf1 Qh1+ 17. Ke2 Qxg2 18. Qf1 Qh2 19. Nd2 Bf5 20. Nf3 Qh5 21. Qg2
Rfe8 22. Rh1 Qg6 23. Qh3 Rxe7+ 24. Bxe7 Re8 25. Kf1 Rxe7 26. Ng5 Qxg5 27. d5
Qc1+ 28. Kg2 Qxb2 29. Qf3 Be4 30. Kg3 Bxf3 31. Kxf3 Qxf2+ 0-1

[Event "AUTO-INT-2680"]
[Site "http://www.queenalice.com/game.php?id=1224392"]
[Date "2013.10.13"]
[Round "2"]
[White "BlackJack"]
[Black "Danado"]
[Result "1-0"]
[WhiteElo "1615"]
[BlackElo "1716"]

1. e4 e5 2. Nf3 d6 3. h3 a6 4. d4 c6 5. dxe5 Be6 6. Bd3 Nd7 7. exd6 Nc5 8. e5
Nd7 9. O-O Bd5 10. c4 Bxf3 11. Qxf3 Nxe5 12. Re1 Bxd6 13. Bf4 f6 14. Nc3 Ne7 15.
Bxe5 Bxe5 16. Rad1 Bxc3 17. Bg6+ 1-0

[Event "AUTO-INT-2680"]
[Site "http://www.queenalice.com/game.php?id=1224393"]
[Date "2013.10.13"]
[Round "2"]
[White "Danado"]
[Black "BlackJack"]
[Result "1/2-1/2"]
[WhiteElo "1711"]
[BlackElo "1636"]

1. e4 c5 2. Bc4 d6 3. Qf3 e6 4. Bb5+ Bd7 5. Bxd7+ Nxd7 6. Ne2 Ngf6 7. d4 cxd4 8.
Nxd4 e5 9. Nb3 Be7 10. Bg5 O-O 11. Bxf6 Nxf6 12. O-O Rc8 13. c3 b6 14. N1d2 d5
15. Rad1 d4 16. cxd4 Bb4 17. Qe3 Bxd2 18. Rxd2 Re8 19. dxe5 Ng4 20. Rxd8 Nxe3
21. Rxe8+ Rxe8 22. fxe3 Rxe5 23. Rd1 g6 24. Rd7 Rxe4 25. Rxa7 Rxe3 26. Rb7 Re2
27. Rxb6 Rxb2 28. a4 Rb1+ 29. Kf2 Rb2+ 30. Kf3 Kg7 31. Ke4 Rxg2 32. a5 Rxh2 33.
Nc5 Rh5 34. Kd4 Rh4+ 35. Kd5 Rh5+ 36. Kc6 Rh1 37. a6 Ra1 38. Rb7 h5 39. a7 h4
40. Rb6 Rxa7 41. Rb4 h3 42. Rh4 Ra3 43. Kd5 g5 44. Rh5 Kg6 45. Rh8 g4 46. Rg8+
Kh5 47. Ne4 f5 48. Nf6+ Kh4 49. Rh8+ Kg3 50. Ke5 Ra5+ 51. Kd4 Kg2 52. Ke3 h2 53.
Nh5 h1=Q 54. Nf4+ Kg1 55. Ne2+ Kg2 56. Nf4+ Kg1 57. Ne2+ Kg2 58. Nf4+ 1/2-1/2